Quizzes
Events
Quiz Creation
Community
Videos
Private Events
Remove Ads
Sign In
Join for FREE
Feedback
Dark Mode
Quiz Categories
Sports
Geography
Music
Movies
Television
Just For Fun
Miscellaneous
History
Literature
Language
Science
Gaming
Entertainment
Religion
Holiday
For Kids
Quiz Lab
Recent
Popular Today
Quiz Kudos Today
Editor Picks
Curator Picks
Quizzes by...
Day
Popularity
Type
Ratings
Length
Year
Community
Subscriptions
Recent Discussions
Orange Saloon
Badges
Playlists
Quests
Create
Leaderboards
Showdown
Live 5
Trivia Bingo
Activity
Puzzle Library
Sporcle Events
Private Events
Virtual Trivia
Globe League
Become a Host
Pub Owners
SporcleCon
Opinionation
Our Games
Videos
Blog
Mobile Apps
Partnerships
Remove Ads and Go Orange
Feedback
Language
Vocabulary
Begins and Ends
Definition
Spanish
French
German
Italian
Chinese
Latin
Translation
Japanese
Language
Vocabulary
Begins and Ends
Definition
Spanish
French
German
Italian
Chinese
Latin
Translation
Japanese
Random Quiz
Search Sporcle
×
Quiz Lab
Quiz Lab
Language
Latin
Type in answers that appear in a list
Type in answers that appear in a list
Classic
Best Score? Go Orange.
Latin 3rd conjugation i-stem synopses Stats
Can you name the Latin 3rd conjugation i-stem synopses?
By
psh3
12m
36 Questions
151 Plays
151 Plays
151 Plays
Comments
Comments
Give Quiz Kudos
Give Quiz Kudos
-
- Ratings
hide this ad
Forced Order
Answers have to be entered in order
Answers have to be entered in order
Replay
Link that replays current quiz
Next Quiz
Link to next quiz in quiz playlist
You Got
0%
They Got
Avg Score
60%
Avg Friend Score
Upgrade to see
Score Distribution
Jump to the score distribution portion of the page
Score
0/36
Timer
12:00
0
Plays Today
Verb
Form
% Correct
1st Person Singular Active of capiō
capiō
99.3%
1st Person Singular Active of capiō
capiēbam
80.8%
1st Person Singular Active of capiō
capiam
74.2%
2nd Person Singular Active of capiō
capis
68.9%
1st Person Singular Active of capiō
cēpī
68.2%
2nd Person Singular Active of capiō
capiēbās
65.6%
3rd Person Singular Active of capiō
capit
64.9%
2nd Person Singular Active of capiō
capiēs
62.9%
3rd Person Singular Active of capiō
capiēbat
62.9%
1st Person Plural Active of capiō
capimus
62.9%
1st Person Singular Active of capiō
cēperam
62.3%
1st Person Plural Active of capiō
capiēbāmus
61.6%
2nd Person Plural Active of capiō
capitis
61.6%
2nd Person Singular Active of capiō
cēpistī
60.3%
3rd Person Singular Active of capiō
capiet
60.3%
1st Person Singular Active of capiō
cēperō
59.6%
3rd Person Singular Active of capiō
cēpit
59.6%
2nd Person Plural Active of capiō
capiēbātis
59.6%
Verb
Form
% Correct
3rd Person Plural Active of capiō
capiunt
59.6%
1st Person Plural Active of capiō
capiēmus
58.9%
3rd Person Plural Active of capiō
capiēbant
58.3%
1st Person Plural Active of capiō
cēpimus
57.6%
2nd Person Plural Active of capiō
capiētis
57%
2nd Person Plural Active of capiō
cēpistis
57%
2nd Person Singular Active of capiō
cēperas
55.6%
3rd Person Plural Active of capiō
capient
55.6%
2nd Person Singular Active of capiō
cēperis
55%
3rd Person Singular Active of capiō
cēperat
54.3%
3rd Person Singular Active of capiō
cēperit
53.6%
1st Person Plural Active of capiō
cēperāmus
53%
1st Person Plural Active of capiō
cēperimus
52.3%
2nd Person Plural Active of capiō
cēperātis
52.3%
3rd Person Plural Active of capiō
cēpērunt
51.7%
2nd Person Plural Active of capiō
cēperitis
51%
3rd Person Plural Active of capiō
cēperant
51%
3rd Person Plural Active of capiō
cēperint
50.3%
Quiz Playlist
Details
Report
Send in Message
Add To Playlist
Classic:
Type in answers that appear in a list
Forced Order:
Answers have to be entered in order
Last Updated: Feb 16, 2017
Quiz Scoreboard
CHALLENGE
Sign Up to Join the Scoreboard
Show All
Scores
Hide
Comments
May contain spoilers
Recently Published
TV Characters by Other Roles V
by ghcgh
Television
5m
Decade Duel: World Leaders
by jenniferyan
History
4m
Alphabetical 'K' Countries by Flag Minefield
by ylime102
Geography
3m
More to Explore
Quiz From the Vault
Featured Blog Post
15 Basketball Trivia Facts You Can Be March Mad About
hide this ad
You Might Also Like...
Tags
Latin Quiz
3rd
conjugation
form
i-stem
Synapse
Verb
Today's Top Quizzes in Language
Browse Language
hide this ad
Today's Top Quizzes in Latin
Browse Latin
Top Contributed Quizzes in Language
1
Spring or Fall
2
Spanish Seasons
3
UNIT 1 Quiz A
4
Seasonal Rhymes
5
Multilingual Seasons
6
Einsilbige Reime auf Chips
7
Forms of Gustar
8
Passe Compose w/Avoir - Irregular Past Participles
9
Name the 4 Seasons in English
10
Spring or Fall?
Explore More
Trending Topics
Disney
Kpop
Marvel
Harry Potter
NBA
Crossword
Anime
Pokémon
Song
Soccer
The Office
Country
Puzzle
WWE
NFL
hide this ad
More By:
psh3
Quiz
Plays
Rating
Category
Featured
Created
French Subjunctive Verb Forms
8,889
3.89
Language
Feb 23, 2011
Latin 4th and 5th declension noun forms
1,956
4.00
Language
Mar 27, 2011
French 1 Passé Composé Forms
1,046
Language
Apr 30, 2011
Les Jeux sont faits Vocabulary pp. 1-4
683
Language
Feb 19, 2011
Les Jeux sont faits Vocabulary pp. 5-10
670
5.00
Language
Feb 19, 2011
Go to Creator's Profile
Score Distribution
Quiz Creator Spotlight
psh3
Follow
Send a Message
Quizzes Created
-
Created Quiz Play Count
-
More By This Creator
Popular Quizzes Today
1
Countries of Asia Without Outlines Minefield
2
Find the US States - No Outlines Minefield
3
Pick 6: Fruits
4
The Countries of the World
5
Find the Countries of Europe - No Outlines Minefield
6
Alphabetical 'K' Countries by Flag Minefield
7
Find the US States
8
US States
More Language Quizzes
Micro Words
Published
Trending Quizzes
Pick 6: Mountains
Pick 6: Harry Potter
Pick 6: NFL Teams
Pick 6: Flags
C Names for Actors
Recently Updated
Adaptations: Name the Title
pecheneg
NWSL Teams
pecheneg
Women's Final Four Teams by Year
bhenderson79
Presidents Quartet II
eogle
Anything But Clue(do)
eogle
Anything But Oceanian Capitals
eogle
Anything But 7
eogle
Anything But Thing
eogle
Word Ladder: February 29
pecheneg
Song Title Questions
pecheneg
Trending Topics
Disney
Anime
Marvel
NBA
Harry Potter
Kpop
Crossword
Country
Soccer
The Office
WWE
NFL
Pokémon
Puzzle
Song
Your Account Isn't Verified!
In order to create a playlist on Sporcle, you need to verify the email address you used during registration. Go to your
Sporcle Settings
to finish the process.
Report this User
Report this user for behavior that violates our
Community Guidelines
.
Details:
Send Report
Go to the Sporcle.com Mobile Site →
Comments